Fotografia a Krásy Slovenska /

Guardado en:
Detalles Bibliográficos
Autor principal: Herchl, Miroslav (Autor)
Otros Autores: Kollár, Daniel (Editor)
Formato: Libro
Lenguaje:eslovaco
Publicado: Bratislava : DAJAMA, 2022
Edición:1. vydanie
Materias:
Etiquetas: Agregar Etiqueta
Sin Etiquetas, Sea el primero en etiquetar este registro!

MARC

LEADER 00000nam a22000003a 4500
001 0100240
003 SK-STU
005 20230124160010.0
007 ta
008 230124s ----xo-----e------000-0-----d
020 |a 978-80-8136-136-4 
040 |a STU  |b slo 
041 0 |a slo 
044 |a xo 
100 1 |a Herchl, Miroslav  |4 aut 
245 1 0 |a Fotografia a Krásy Slovenska /  |c aut. Miroslav Herchl ; ed. Daniel Kollár 
250 |a 1. vydanie 
260 |a Bratislava :  |b DAJAMA,  |c 2022 
300 |a 167 s. 
650 0 7 |a historická fotografia 
650 0 7 |a fotografi 
650 0 7 |a život a dielo 
650 0 7 |a Slovensko 
650 0 7 |a 20. storočie 
700 1 |a Kollár, Daniel  |4 edt 
996 |b 284AU09492  |c A* 12847/U  |l AAKNST  |s P  |a 0  |w 0100240_0001 
996 |b 284AU09493  |c A* 12848/U  |l AAKNAR  |s A  |a 24  |w 0100240_0002 
996 |b 284AU09494  |c A* 12849/U  |l AAKNAR  |s A  |a 24  |w 0100240_0003